Rois et Reines d'Angleterre et de Grande-Bretagne à l'époque moderne - Statistiques

Statistiques générales
  • Ce quiz a été pris 40 fois
  • Le résultat moyen est 14 sur 23
Statistiques - réponses
Maison Dates du règne Roi de France % Correct
Lancastre 1422-1461 Henri VI
89%
Lancastre 1470-1471 Henri VI
89%
Tudor 1509-1547 Henri VIII
85%
Tudor 1485-1509 Henri VII
81%
Tudor 1558-1603 Élisabeth Ire
78%
Stuart 1625-1649 Charles Ier
74%
Tudor 1553-1558 Marie Ire
74%
Stuart 1660-1685 Charles II
70%
York 1483 Édouard V
63%
Tudor 1547-1553 Édouard VI
59%
Stuart 1702-1707 Anne
56%
Stuart 1707-1714 Anne
56%
York 1461-1470 Édouard IV
56%
York 1471-1483 Édouard IV
56%
Stuart 1603-1625 Jacques Ier
56%
Stuart 1689-1694 Marie II
56%
Hanovre 1714-1727 George Ier
48%
Stuart 1689-1702 Guillaume III
48%
Hanovre 1727-1760 George II
44%
Hanovre 1760-1820 George III
44%
York 1483-1485 Richard III
41%
Stuart 1685-1688 Jacques II
37%
Tudor 1553 Jeanne Grey
30%
Aucun quiz correspondant
Distribution des résultats
% des personnes avec chaque résultat
Percentile par nombre de réponses
Votre historique - résultats
Vous n’avez pas pris ce quiz